000 00256nam a2200109Ia 4500
008 220204s9999 xx 000 0 und d
082 _a82-3
_bCLA
100 _aClavell, James
245 0 _aShogun
260 _aKent
_bHodder And Stoughton
_c1979
942 _cBK
999 _c35270
_d35270